| 000 | 00672nmc a2200253 a 4500 | ||
|---|---|---|---|
| 003 | AR-BaBNM | ||
| 005 | 20251128211758.0 | ||
| 008 | 106020s2005 ||||||||||||||000 | spa|| | ||
| 020 | _a84-933628-4-0 | ||
| 040 | _cAR-BaBNM | ||
| 100 | 1 | _aArtola, Teresa | |
| 245 | 1 | 0 |
_aNiños con altas capacidades _bquiénes son y cómo tratarlos |
| 260 |
_aMadrid _bEntha _c2005 |
||
| 300 | 0 | _a166 p. | |
| 490 | 0 | _aSaber punto cien | |
| 650 | 4 | _aALUMNOS SUPERDOTADOS | |
| 650 | 4 | _aCARACTERISTICAS DEL ALUMNO | |
| 650 | 4 | _aPAPEL DE LA ESCUELA | |
| 653 | 0 | _aNINOS TALENTOSOS | |
| 700 | 1 | _aBarraca, Jorge | |
| 700 | 1 | _aMosteiro, Pilar | |
| 942 | _cBK | ||
| 998 | _cme-solo cat | ||
| 999 |
_c21071 _d21071 |
||